La contaminación ambiental: antecedentes, actividades y noticias
Uloženo v:
| Hlavní autoři: | , |
|---|---|
| Médium: | Kniha |
| Jazyk: | španělština |
| Vydáno: |
Santiago
Ministerio de Educación
1999
|
| Edice: | Programa Educación Ambiental
|
| Témata: | |
| Tagy: |
Přidat tag
Žádné tagy, Buďte první, kdo vytvoří štítek k tomuto záznamu!
|
MARC
| LEADER | 00000nam a2200000 a 4500 | ||
|---|---|---|---|
| 001 | UCO6512 | ||
| 003 | CL-VaPUC | ||
| 008 | 001020e19990000CL |||||||||||||||||spa|d | ||
| 082 | 0 | 4 | |a 372.357 |b SEP |2 21 |
| 100 | 0 | |a Sepúlveda Ruiz, Lucía |e author |9 451203 | |
| 700 | 0 | |a Valenzuela Horta, Ricardo |e author |9 451204 | |
| 245 | 1 | 3 | |a La contaminación ambiental: antecedentes, actividades y noticias |
| 300 | |a 84 p | ||
| 942 | |c BK | ||
| 945 | |d 20001020 00:00:00 |a cmena | ||
| 260 | |a Santiago |b Ministerio de Educación |c 1999 | ||
| 650 | 0 | |a Educación básica |9 224933 | |
| 650 | 0 | |a Contaminación ambiental |9 314181 | |
| 650 | 0 | |a Contaminación atmosférica |9 262775 | |
| 650 | 7 | |a CONTAMINACION ACUSTICA |2 CL-VaPUC |9 262853 | |
| 650 | 0 | |a Contaminación del agua |9 261423 | |
| 650 | 0 | |a Contaminación del suelo |9 338123 | |
| 650 | 0 | |a Contaminación de alimentos |9 259640 | |
| 583 | |a last modification |c 20001020 00:00:00 |k Rodrigo Vera | ||
| 490 | 0 | |a Programa Educación Ambiental | |
| 999 | |c 292004 |d 292002 | ||
| 952 | |0 0 |1 0 |4 0 |6 372_357000000000000_SEP_1999 |7 0 |8 P |9 342428 |a BIBEDU |b BIBEDU |c BIBEDU_PB |d 2019-11-20 |i 3647544 |o 372.357 SEP 1999 |p 3647544 |r 2024-01-25 |w 2019-11-20 |y BK |k BME | ||